000 00594nam a2200217 i 4500
001 C2-0168317
003 PPAK
005 20180728090743.0
008 980716s1982 enka|||| ||||| | eng d
020 _a085613466X
040 _aPPAK
_beng
_cPPAK
_erda
082 0 4 _a796.333
_2 23
090 0 0 _a796.333
_bRUG
_dR
245 0 0 _aRugby football the all black way
264 1 _aLondon :
_bOrbis Publishing ,
_c1982
300 _a256 pages :
_bcolour illustrations ;
_c28 cm
336 _2rdacontent
_atext
337 _2rdamedia
_aunmediated
338 _2rdacarrier
_avolume
942 _ddc
_cB
999 _c152481
_d152481